| 000 | 01708namaa22003491i 4500 | ||
|---|---|---|---|
| 003 | EG-GICUC | ||
| 005 | 20260506105509.0 | ||
| 008 | 260506s2005 ua ||||jr|||| 001 0 ara d | ||
| 017 |
_a2005 / 10202 _bدار الكتب و الوثاثق القومية (مصر) |
||
| 040 |
_aEG-GiCUC _bara _cEG-GiCUC _dEG-GiCUC _erda |
||
| 082 | 0 | 4 |
_221 _a891.551 _bH139 |
| 092 | 0 | 4 |
_221 _a891.551 _bH139 |
| 099 | _a891.551 H139 | ||
| 100 | 1 |
_aحافظ الشيرازى، محمد بن كمال الدين بن غياث الدين، _d791. _eمؤلف. |
|
| 245 | 1 | 0 |
_aاغانى شيراز او غزليات حافظ الشيرازى : _bشاعر الغناء و الغزل فى ايران / _cحافظ الشيرازى ؛ ترجمة ابراهيم أمين الشواربى ؛ تصدير محمد ابراهيم ابو سنة ، بديع محمد جمعه ، محمد السعيد عبد المؤمن ؛ تقديم طه حسين. |
| 246 | 3 | 3 | _aغزليات حافظ الشيرازى |
| 264 |
_aالقاهرة : _bالمجلس الاعلى للثقافة، _c2005. |
||
| 300 |
_a2مجلد _b؛ _c24 سم. |
||
| 336 |
_2rdacontent _atext |
||
| 337 |
_2rdamedia _aUnmediated |
||
| 338 |
_2rdacarrier _avolume |
||
| 490 |
_aالمشروع القومى للترجمه ؛ _v882 |
||
| 504 | _aيشتمل على ارجاعات ببليوجرافية وكشاف | ||
| 541 |
_aد. جار عصفور ؛ _bالقاهرة ؛ _cإهداء ؛ _d2024. |
||
| 650 | 1 | 7 |
_aالشعر الفارسى _2qrmak |
| 650 | 1 | 7 |
_aالادب الفارسى _2qrmak |
| 651 | 1 | _2qrmak | |
| 700 | 1 |
_aالشواربى، ابراهيم امين _eمترجم. |
|
| 700 | 1 |
_aحسين، طه. _eمقدم. |
|
| 905 | _aNoha | ||
| 942 |
_2ddc _cBK _e21 _n0 |
||
| 999 |
_c180016 _d180016 |
||